| 000 | 00595cam a2200229ua 4500 | ||
|---|---|---|---|
| 001 | 7710 | ||
| 005 | 20260515114240.0 | ||
| 008 | 141222n ii |||gr||||Z||||||eng | ||
| 020 | _a818750286X | ||
| 040 | _cMAIN | ||
| 041 | _aeng | ||
| 082 | _a954.162 | ||
| 100 |
_aShakespear, L. W., _eAuthor. |
||
| 245 | 1 |
_aHistory of upper Assam,upper burmah and north-eastern frontier _cBy L. W. Shakespear |
|
| 250 | _a1st. | ||
| 260 |
_aGuwahati: _bSpectrum, _c2004. |
||
| 300 | _axvii,272p. | ||
| 653 | _aSouth Asia India | ||
| 653 | _aAssam history | ||
| 653 | _aNorth-east history | ||
| 942 | _cBK | ||
| 999 |
_c6826 _d6826 |
||